| 000 | 00832nam a2200265Ia 4500 | ||
|---|---|---|---|
| 003 | OSt | ||
| 005 | 20220918170126.0 | ||
| 006 | a|||||r|||| 00| 0 | ||
| 007 | ta | ||
| 008 | 220917b |||||||| |||| 00| 0 eng d | ||
| 020 | _a9004112766 (hbk) | ||
| 024 | _a198,945 | ||
| 037 | _cTextual | ||
| 040 |
_aARTS _cARTS _beng |
||
| 041 |
_2eng _aeng |
||
| 082 | _aO28,IxN, 111N9 | ||
| 100 |
_aKurpershoek Marcel P. _927201 |
||
| 245 | 0 |
_aOral poetry and narratives from Central Arabia III _b Bedouin poets of the dawasir tribe between nomadism & settlement in Southern Najd |
|
| 260 |
_aLeiden _bBrill _c1999 |
||
| 300 |
_axx, 507 p _ccm. |
||
| 490 | _aStudies in Arabic literature | ||
| 650 | _aENGLISH LITERATURE | ||
| 942 |
_hO28,IxN, 111N9 _cTEXL _2CC |
||
| 999 |
_c132724 _d132724 |
||